Les 10 plus grosses arrivées et les 10 plus grosses ventes de l'OGCN - Statistics

General Stats
  • This quiz has been taken 9 times
  • The average score is 3 of 20
Answer Stats
Indice Réponses Prix % Correct
2022/2023 Gaëtan LABORDE 15 M
75%
2023/2024 Terem MOFFI 22,5 M
63%
2023/2024 Jeremie BOGA 18 M
38%
2018/2019 Jean Michael SERI 30 M
25%
2022/2023 Sofiane DIOP 22 M
25%
2019/2020 Alexis CLAUDE MAURICE 13 M
13%
2019/2020 Allan SAINT MAXIMIN 18 M
13%
2022/2023 Amine GOUIRI 28 M
13%
2017/2018 Dalbert HENRIQUE 21 M
13%
2019/2020 Kasper DOLBERG 20,5 M
13%
2018/2019 Alassane PLEA 23 M
0%
2022/2023 Alexis BEKA BEKA 12 M
0%
2021/2022 Calvin STENGS 15 M
0%
2008/2009 Ederson 14,9 M
0%
2015/2016 Jordan AMAVI 16 M
0%
2010/2011 Loic REMY 15,5 M
0%
2020/2021 Mario LEMINA 11 M
0%
2022/2023 Mattia VITI 13 M
0%
2016/2017 Nampalys MENDY 15,5 M
0%
2019/2020 Stanley NSOKI 12,5 M
0%
No matching quizzes found
Score Distribution
Percent of People with Each Score
Percentile by Number Answered
Your Score History
You have not taken this quiz